Missing Word: 'R' Song Endings Quiz Stats

Quiz Updated Mar 21, 2015

Challenge
Share
Tweet
Embed
Score 0/20 Timer 04:00
1 Play Today
Song Missing Word % Correct
Jailhouse _____Rock
98.8%
Purple _____Rain
96.1%
Mrs. _____Robinson
89.1%
Bad Moon _____Rising
88.6%
Smokin' In The Boy's _____Room
88.6%
Ticket To _____Ride
87.7%
Band On the _____Run
86.3%
Losing My _____Religion
83%
Puttin' On The _____Ritz
78.4%
Take Me Home, Country _____Roads
78.2%
Song Missing Word % Correct
Are You Jimmy _____?Ray
77.7%
Kiss From A _____Rose
76.5%
Help Me, _____Rhonda
75.5%
Bad _____Romance
64%
White _____Rabbit
53.6%
One Love/People Get _____Ready
50.6%
Mother And Child _____Reunion
49%
Right _____Round
37.3%
Pon De _____Replay
34.1%
White _____Riot
20.1%

Today's Daily Dose

Missing Word
1974 Movies A-Z

Word Ladder
The White Album

Quick Pick
Gods of War

On This Day
February 22nd II

You're not logged in!

Compare scores with friends on all Sporcle quizzes.
Sign Up with Email
OR
Log In

You Might Also Like...

Show Comments

Extras

Top Quizzes Today


Score Distribution

Your Account Isn't Verified!

In order to create a playlist on Sporcle, you need to verify the email address you used during registration. Go to your Sporcle Settings to finish the process.